Capitale d'Amérique du Nord sur une carte. - Statistiques

Statistiques générales
  • Ce quiz a été pris 118 fois
  • Le résultat moyen est 15 sur 23
Réponses sur la Carte
Les réponses sont colorées sur une échelle allant du rouge au vert en fonction du pourcentage des utilisateurs qui les ont devinées à leur premier essai. Vous pouvez retrouver ces pourcentages ci-dessous.
 
Statistiques - réponses
Capitales % Correct
Mexico
99%
Washington
99%
Ottawa
96%
La Havane
88%
Panama
84%
Kingston
78%
Kingstown
78%
Guatemala
74%
Port au prince
70%
Saint-Domingue
66%
San Salvador
65%
San José
62%
Nassau
61%
Tegucigalpa
55%
Managua
54%
Belmopan
51%
Port-d'Espagne
51%
Basseterre
42%
Castries
42%
Roseau
42%
Bridgetown
41%
Saint-Georges
41%
Saint Johns
41%
Aucun quiz correspondant
Distribution des résultats
% des personnes avec chaque résultat
Percentile par nombre de réponses
Votre historique - résultats
Vous n’avez pas pris ce quiz